جنگ اور امن / (Record no. 109376)
[ view plain ]
| 000 -LEADER | |
|---|---|
| fixed length control field | 00862nam a22002657a 4500 |
| 005 - DATE AND TIME OF LATEST TRANSACTION | |
| control field | 20200311160138.0 |
| 010 ## - LCCN (DPL NO) | |
| LC control number | A-794545 A-794546 |
| 020 ## - INTERNATIONAL STANDARD BOOK NUMBER | |
| Terms of availability | 300.00 |
| 035 ## - SYSTEM CONTROL NUMBER | |
| System control number | A-794545 |
| 035 ## - SYSTEM CONTROL NUMBER | |
| System control number | A-794546 |
| 037 ## - SOURCE OF ACQUISITION | |
| Source of stock number/acquisition | Cen Lib/Ret |
| 082 ## - DEWEY DECIMAL CLASSIFICATION NUMBER | |
| Classification number | ن |
| Item number | ط ا ل |
| 100 ## - MAIN ENTRY--PERSONAL NAME | |
| Personal name | طالسطائی، لیو |
| 245 ## - TITLE STATEMENT | |
| Title | جنگ اور امن / |
| Statement of responsibility, etc | لیو طالسطائی [اور] مترجرشاہد حمید |
| Remainder of title | |
| 246 ## - VARYING FORM OF TITLE | |
| Title proper/short title | Jang aur Aman / |
| Remainder of title | by Liyu Talistaiy [and] translated by Shahid Hameed |
| 260 ## - PUBLICATION, DISTRIBUTION, ETC. (IMPRINT) | |
| Place of publication, distribution, etc | لاہور |
| Name of publisher, distributor, etc | پولیمر پبلکتیونز |
| Date of publication, distribution, etc | 1994 ء |
| 270 ## - ADDRESS | |
| City | لاہور |
| Address | راحت مارکیٹ اردو بازار |
| 300 ## - PHYSICAL DESCRIPTION | |
| Extent | (920-1782)p. |
| Dimensions | 22cm(Hb) |
| 650 ## - SUBJECT ADDED ENTRY--TOPICAL TERM | |
| Topical term or geographic name as entry element | اردو ادب |
| 650 ## - SUBJECT ADDED ENTRY--TOPICAL TERM | |
| Geographic subdivision | ناول |
| 650 ## - SUBJECT ADDED ENTRY--TOPICAL TERM | |
| Topical term or geographic name as entry element | Urdu literature |
| 650 ## - SUBJECT ADDED ENTRY--TOPICAL TERM | |
| Topical term or geographic name as entry element | Novel |
| 700 ## - ADDED ENTRY--PERSONAL NAME | |
| Personal name | شاہد حمید |
| 942 ## - ADDED ENTRY ELEMENTS (KOHA) | |
| Source of classification or shelving scheme | Dewey Decimal Classification |
| Item type | Urdu Bks |
| Classification part | ن |
| Call number suffix | ط ا ل |
| Withdrawn status | Lost status | Not for loan | Home library | Current library | Date acquired | Source of acquisition | Cost, normal purchase price | Full call number | Barcode | Copy number | Cost, replacement price | Koha item type | Collection code |
|---|---|---|---|---|---|---|---|---|---|---|---|---|---|
| Central Library | Central Library | 08/03/2016 | 1 | 300.00 | ن- ط ا ل | A-794545 | 1 | 300.00 | Urdu Bks | ||||
| Central Library | Central Library | 11/03/2020 | BPPD/Ven. | 300.00 | ن ط ا ل | A-794546 | 1 | 300.00 | Urdu Bks | Fiction |
